Vybrané nástroje marketingovej komunikácie v televíznej relácii bakalárska práca

Salvato in:
Dettagli Bibliografici
Autore principale: Hackenberg, Alan
Ente Autore: Obchodná fakulta EU. Katedra marketingu
Altri autori: Loydlová, Miroslava
Natura: Libro
Lingua:slovacco
Pubblicazione: Bratislava 2017
Tags: Aggiungi Tag
Nessun Tag, puoi essere il primo ad aggiungerne!!

MARC

LEADER 00000nbm a2200000 4500
001 0232657
005 20170920112109.9
041 0 |a slo 
044 |a SK 
245 1 0 |a Vybrané nástroje marketingovej komunikácie v televíznej relácii  |b bakalárska práca  |c Alan Hackenberg ; školiteľ: Miroslava Loydlová 
264 1 |a Bratislava  |c 2017 
300 |a 52 s. 
100 1 |a Hackenberg, Alan 
700 1 |a Loydlová, Miroslava 
710 2 |a Obchodná fakulta EU. Katedra marketingu